| 000 | 00822nam a22001937a 4500 | ||
|---|---|---|---|
| 999 |
_c191169 _d191169 |
||
| 005 | 20220822144002.0 | ||
| 010 | _aHIN-124114 | ||
| 020 |
_a9788188790159 _c595.00 |
||
| 035 | _aHN-96460 | ||
| 037 | _bDBAD/PUB | ||
| 082 | _a920 | ||
| 100 | _aमनोज कुमार | ||
| 245 |
_aडॉ. भीमराव अम्बेडकर / _cमनोज कुमार एवं रवि रंजन |
||
| 260 |
_aदिल्ली _bकल्पना प्रकाशन _c2018 |
||
| 270 |
_aबी-1770, जहाँगीर पुरी(नजदीक स्टेट बैंक ऑफ इण्डिया) _bदिल्ली _e110033 |
||
| 300 |
_a204पृ _c22सेमी (सजिल्द) |
||
| 700 |
_aरवि रंजन _922362 |
||
| 942 |
_2ddc _cHN _mमनोज _h920 |
||